[Event "COL-chT Blitz (Women)"]
[Site "Santa Marta"]
[Date "2022.11.07"]
[Round "7.2"]
[White "Corredor Agamez, Nicole Vanessa"]
[Black "Mogollon Tobar, Nicolle Juliet"]
[Result "0-1"]
[WhiteElo "1339"]
[BlackElo "1740"]
[PlyCount "50"]
[EventDate "2022.11.07"]
[EventType "team-swiss"]
[EventRounds "9"]
[EventCountry "COL"]
[SourceTitle "CBM 211 Extra"]
[Source "ChessBase"]
[SourceDate "2023.01.31"]
[SourceVersion "1"]
[SourceVersionDate "2023.01.31"]
[SourceQuality "1"]
[WhiteTeam "San Andres Isla (W)"]
[BlackTeam "Valle (W)"]
[WhiteTeamCountry "COL"]
[BlackTeamCountry "COL"]

1. e4 d5 2. e5 Bf5 3. d4 e6 4. Nf3 c5 5. Be2 Nc6 6. 0-0 Qb6 7. c3 cxd4 8. cxd4 Nge7 9. Bg5 h6 10. Bh4 Bh7 11. Nc3 Nf5 12. g3 Nxh4 13. Nxh4 Nxd4 14. Qa4+ Nc6 15. Bb5 a6 16. Bxc6+ bxc6 17. Kg2 Be7 18. Nf3 0-0 19. Qg4 c5 20. b3 Rac8 21. Nd2 Rfd8 22. f4 c4 23. bxc4 dxc4 24. Nf3 Rd3 25. Na4 Qb4 0-1

[Event "COL Intercollegiate-ch blitz U18 Girls"]
[Site "Paipa"]
[Date "2019.12.15"]
[Round "5"]
[White "Corredor Agamez, Nicole Vanessa"]
[Black "Sabogal Varela, Erika Tatiana"]
[Result "0-1"]
[WhiteElo "1339"]
[BlackElo "1140"]
[PlyCount "52"]
[EventDate "2019.12.15"]
[EventType "swiss (blitz)"]
[EventRounds "12"]
[EventCountry "COL"]
[SourceTitle "CBM 193 Extra"]
[Source "ChessBase"]
[SourceDate "2020.01.31"]
[SourceVersion "1"]
[SourceVersionDate "2020.01.31"]
[SourceQuality "1"]

1. e4 e5 2. d3 Nc6 3. Nf3 Nf6 4. Bg5 Bc5 5. Qd2 d6 6. c4 Be6 7. Nc3 Qe7 8. Nd5 Bxd5 9. cxd5 Bb4 10. 0-0-0 Bxd2+ 11. Rxd2 Nd4 12. Nxd4 exd4 13. e5 dxe5 14. Rc2 h6 15. Bxf6 Qxf6 16. Rxc7 0-0 17. f3 e4 18. fxe4 Qf4+ 19. Kd1 Qxc7 20. Be2 Rac8 21. Kd2 Qc2+ 22. Ke1 Qxb2 23. Bg4 Rc1+ 24. Bd1 Rfc8 25. Rf1 Rxd1+ 26. Kxd1 Rc1# 0-1

[Event "COL Intercollegiate-ch U18 Girls"]
[Site "Paipa"]
[Date "2019.12.07"]
[Round "3"]
[White "Corredor Agamez, Nicole Vanessa"]
[Black "Manjarres Baena, Andrea Carolina"]
[Result "1-0"]
[WhiteElo "1336"]
[BlackElo "1498"]
[PlyCount "89"]
[EventDate "2019.12.06"]
[EventType "swiss"]
[EventRounds "7"]
[EventCountry "COL"]
[SourceTitle "CBM 193 Extra"]
[Source "ChessBase"]
[SourceDate "2020.01.31"]
[SourceVersion "1"]
[SourceVersionDate "2020.01.31"]
[SourceQuality "1"]

1. e4 e5 2. Nf3 Nc6 3. Bb5 Nge7 4. d3 a6 5. Bxc6 Nxc6 6. 0-0 d6 7. c3 Bg4 8. Nbd2 Qf6 9. h3 h5 10. Qc2 Ne7 11. d4 Ng6 12. dxe5 dxe5 13. Nh2 Nf4 14. Nc4 Nxh3+ 15. Kh1 Bc5 16. Be3 Bxe3 17. Nxe3 Nf4 18. f3 Rd8 19. g3 Rd3 20. Nd5 Qg5 21. gxf4 Bxf3+ 22. Nxf3 Qg3 23. Qxd3 Qh3+ 24. Kg1 Qg3+ 25. Kh1 Rh6 26. Nxc7+ Ke7 27. Nd5+ Ke8 28. Nc7+ Ke7 29. f5 Qh3+ 30. Nh2 Qxd3 31. Rad1 Qxe4+ 32. Nf3 Rd6 33. Rde1 Qg4 34. Rxe5+ Kd7 35. Nd5 Qh3+ 36. Nh2 f6 37. Re7+ Kc6 38. Nb4+ Kb5 39. Rxb7+ Rb6 40. a4+ Kc5 41. Rc7+ Kd6 42. Rxg7 Qe3 43. Rd1+ Kc5 44. Rc7+ Rc6 45. Rxc6# 1-0

[Event "COL-ch U18 Girls rap"]
[Site "Barranquilla"]
[Date "2018.11.27"]
[Round "3"]
[White "Aguirre Aguirre, Karen Dayana"]
[Black "Corredor Agamez, Nicole Vanessa"]
[Result "1-0"]
[WhiteElo "1163"]
[BlackElo "1355"]
[PlyCount "67"]
[EventDate "2018.11.27"]
[EventType "swiss (rapid)"]
[EventRounds "6"]
[EventCountry "COL"]
[SourceTitle "CBM 187 Extra"]
[Source "ChessBase"]
[SourceDate "2018.11.04"]
[SourceVersion "1"]
[SourceVersionDate "2018.11.04"]
[SourceQuality "1"]

1. d4 Nf6 2. c4 d5 3. Nc3 e6 4. Nf3 dxc4 5. e4 Nc6 6. Bxc4 Bb4 7. Bd3 Nxd4 8. Nxd4 Qxd4 9. Qd2 0-0 10. 0-0 e5 11. a3 Bd6 12. Nb5 Bc5 13. Nxd4 Bxd4 14. Re1 Bg4 15. Be2 Nxe4 16. Qd1 Nxf2 17. Qc2 Nd3+ 18. Kf1 Nxe1 19. Kxe1 Rae8 20. Bxg4 Re7 21. Bg5 f6 22. Qc4+ Ref7 23. Be6 fxg5 24. Rd1 Bf2+ 25. Ke2 g6 26. Bxf7+ Rxf7 27. Rd8+ Kg7 28. Ra8 Rf4 29. Qg8+ Kh6 30. h3 e4 31. g4 c5 32. Rf8 c4 33. Rxf4 gxf4 34. Qf8+ 1-0

[Event "COL-ch sf 2nd"]
[Site "Tunja"]
[Date "2018.04.22"]
[Round "10"]
[White "Corredor Agamez, Nicole Vanessa"]
[Black "De La Hoz Contreras, Tala Daniela"]
[Result "1-0"]
[WhiteElo "1494"]
[BlackElo "1406"]
[PlyCount "49"]
[EventDate "2018.04.17"]
[EventType "swiss"]
[EventRounds "10"]
[EventCountry "COL"]
[SourceTitle "CBM 184 Extra"]
[Source "ChessBase"]
[SourceDate "2018.06.28"]
[SourceVersion "1"]
[SourceVersionDate "2018.06.28"]
[SourceQuality "1"]

1. Nf3 e6 2. e4 d6 3. d4 Be7 4. Be3 Nd7 5. Nc3 Ngf6 6. Bd3 Ng4 7. Qe2 Ngf6 8. 0-0 0-0 9. d5 e5 10. a3 Ng4 11. h3 Nxe3 12. Qxe3 Nb6 13. Na4 c6 14. dxc6 bxc6 15. b3 Nxa4 16. bxa4 Bg5 17. Qxg5 Qxg5 18. Nxg5 Rb8 19. Rab1 Rb7 20. Rxb7 Bxb7 21. Bc4 Bc8 22. Bxf7+ Rxf7 23. Nxf7 Bxh3 24. Nxd6 Bxg2 25. Kxg2 1-0

[Event "COL-ch sf 2nd"]
[Site "Tunja"]
[Date "2018.04.20"]
[Round "6"]
[White "Corredor Agamez, Michelle"]
[Black "Corredor Agamez, Nicole Vanessa"]
[Result "0-1"]
[WhiteElo "1159"]
[BlackElo "1494"]
[PlyCount "48"]
[EventDate "2018.04.17"]
[EventType "swiss"]
[EventRounds "10"]
[EventCountry "COL"]
[SourceTitle "CBM 184 Extra"]
[Source "ChessBase"]
[SourceDate "2018.06.28"]
[SourceVersion "1"]
[SourceVersionDate "2018.06.28"]
[SourceQuality "1"]

1. e4 Nc6 2. d4 e6 3. d5 exd5 4. exd5 Ne5 5. c4 d6 6. Nf3 Bg4 7. Be2 Nf6 8. b3 h6 9. Bb2 Ned7 10. 0-0 Be7 11. h3 Bf5 12. b4 0-0 13. c5 dxc5 14. bxc5 Bxc5 15. a3 Nb6 16. Nc3 c6 17. dxc6 bxc6 18. Qxd8 Raxd8 19. a4 a5 20. Rad1 Nfd5 21. Nh4 Ne7 22. Nxf5 Nxf5 23. Rxd8 Rxd8 24. Rd1 Rxd1+ 0-1

[Event "COL-chT (Women)"]
[Site "Ibague"]
[Date "2017.07.21"]
[Round "5.2"]
[White "Perez Valcarcel, Maria Jose"]
[Black "Corredor Agamez, Nicole Vanessa"]
[Result "1-0"]
[WhiteElo "1502"]
[BlackElo "1560"]
[PlyCount "39"]
[EventDate "2017.07.19"]
[EventType "team-swiss"]
[EventRounds "6"]
[EventCountry "COL"]
[SourceTitle "CBM 179 Extra"]
[Source "ChessBase"]
[SourceDate "2017.08.23"]
[SourceVersion "1"]
[SourceVersionDate "2017.08.23"]
[SourceQuality "1"]
[WhiteTeam "Caqueta (W)"]
[BlackTeam "San Andres Isla (W)"]
[WhiteTeamCountry "COL"]
[BlackTeamCountry "COL"]

1. e4 e5 2. Nf3 d6 3. d4 exd4 4. Nxd4 Nf6 5. Nc3 c5 6. Nf3 Nc6 7. Bc4 Be6 8. Bxe6 fxe6 9. Be3 Nd7 10. Qe2 Be7 11. 0-0-0 Qc7 12. Ng5 Nde5 13. Nxe6 Qd7 14. Nxc5 Qc7 15. Ne6 Qd7 16. Nxg7+ Kd8 17. Nf5 Kc7 18. Nxd6 Bxd6 19. Rxd6 Qxd6 20. Nb5+ 1-0